Performance measurement & management: a strategic approach to management accounting. (Record no. 53350)

MARC details
000 -LEADER
fixed length control field 00608nam a2200145 a 4500
008 - FIXED-LENGTH DATA ELEMENTS--GENERAL INFORMATION
fixed length control field 130423s2005 ||||||||||||||||| || u
020 ## - INTERNATIONAL STANDARD BOOK NUMBER
International Standard Book Number 9781412907637
050 ## - LIBRARY OF CONGRESS CALL NUMBER
Classification number HF 5657.4 SMI
100 ## - MAIN ENTRY--PERSONAL NAME
Personal name Smith, Malcolm
245 10 - TITLE STATEMENT
Title Performance measurement & management: a strategic approach to management accounting.
Statement of responsibility, etc. by Malcolm Smith
260 ## - PUBLICATION, DISTRIBUTION, ETC.
Place of publication, distribution, etc. Los Angeles:
Name of publisher, distributor, etc. SAGE Publications
Date of publication, distribution, etc. 2005
300 ## - PHYSICAL DESCRIPTION
Extent viii, 302p. : ill.
650 #0 - SUBJECT ADDED ENTRY--TOPICAL TERM
Topical term or geographic name entry element MANAGERIAL ACCOUNTING
995 ## - RECOMMENDATION 995 [LOCAL, UNIMARC FRANCE]
-- CBU-MAIN LIBRARY (Kitwe)
-- 1
-- AVAILABLE
-- May 23, 2013
-- Main Library Open Access Collection
Holdings
Withdrawn status Lost status Source of classification or shelving scheme Damaged status Not for loan Home library Current library Shelving location Date acquired Total Checkouts Full call number Barcode Date last seen Price effective from Koha item type
          CBU-MAIN LIBRARY, KITWE. CBU-MAIN LIBRARY, KITWE.   11/30/2022   HF 5657.4 SMI 743854 11/30/2022 11/30/2022 MONOGRAPH